JHCSC Library Logo Welcome to JHCSC LibraryWhere Every Page Begins a New Adventure.    Vision: A leading public higher education institution serving the ASEAN community through quality, innovative, and culture-sensitive programs.    Mission: To provide relevant and responsive programs in Agriculture, Education, and other fields aligned with its vision. It undertakes applied research, extension, and production services that yield practical and lasting solutions to sector-specific challenges, improving the socio-economic well-being of identified communities.

Operating Systems (Record no. 11340)

MARC details
000 -LEADER
fixed length control field 00534nam a22001697a 4500
005 - DATE AND TIME OF LATEST TRANSACTION
control field 20260216035752.0
008 - FIXED-LENGTH DATA ELEMENTS--GENERAL INFORMATION
fixed length control field 260216b |||||||| |||| 00| 0 eng d
020 ## - INTERNATIONAL STANDARD BOOK NUMBER
International Standard Book Number 9814119156
040 ## - CATALOGING SOURCE
Transcribing agency jhcsc
082 ## - DEWEY DECIMAL CLASSIFICATION NUMBER
Edition number 5
Classification number 005.43
100 ## - MAIN ENTRY--PERSONAL NAME
9 (RLIN) 10151
Personal name William S. Davis | T. M. Rajkumar
Relator term Author
245 ## - TITLE STATEMENT
Title Operating Systems
Remainder of title A Systematic View
Statement of responsibility, etc. William S. Davis | T. M. Rajkumar
250 ## - EDITION STATEMENT
Edition statement Fifth Edition
260 ## - PUBLICATION, DISTRIBUTION, ETC.
Place of publication, distribution, etc. Singapore
Name of publisher, distributor, etc. Pearson Education Asia Pte Ltd.
Date of publication, distribution, etc. c2001
300 ## - PHYSICAL DESCRIPTION
Extent xxxi,605 pages.
Other physical details illustrations
942 ## - ADDED ENTRY ELEMENTS (KOHA)
Source of classification or shelving scheme Dewey Decimal Classification
Koha item type Book
Holdings
Withdrawn status Lost status Source of classification or shelving scheme Damaged status Not for loan Collection code Home library Current library Shelving location Date acquired Full call number Barcode Date last seen Price effective from Koha item type Total Checkouts
    Dewey Decimal Classification     Information Technology JHCSC - Canuto MS Enero Campus Library JHCSC - Canuto MS Enero Campus Library Circulation 11/11/2013 005.43 D265 2001 2013-415 c 02/16/2026 02/16/2026 Book  
    Dewey Decimal Classification     Information Technology JHCSC - Canuto MS Enero Campus Library JHCSC - Canuto MS Enero Campus Library Circulation 11/11/2013 005.43 D265 2001 2013-418 c 02/16/2026 02/16/2026 Book  
    Dewey Decimal Classification     Information Technology JHCSC - Canuto MS Enero Campus Library JHCSC - Canuto MS Enero Campus Library Circulation 11/11/2013 005.43 D265 2001 2013-819 c 02/16/2026 02/16/2026 Book  
    Dewey Decimal Classification     Information Technology JHCSC - Main Campus Library JHCSC - Main Campus Library Circulation 11/11/2013 005.43 D265 2001 2013-417 c 02/16/2026 02/16/2026 Book  
    Dewey Decimal Classification     Information Technology JHCSC - Main Campus Library JHCSC - Main Campus Library Circulation 11/11/2013 005.43 D265 2001 2013-414 c 02/16/2026 02/16/2026 Book  
© J.H. Cerilles State College | All Rights Reserved
Designed by Terhevic L. Bation & Gerald Biad, Library IT Staff